<?xml version="1.0" encoding="UTF-8"?>
<record
    xmlns:xsi="http://www.w3.org/2001/XMLSchema-instance"
    xsi:schemaLocation="http://www.loc.gov/MARC21/slim http://www.loc.gov/standards/marcxml/schema/MARC21slim.xsd"
    xmlns="http://www.loc.gov/MARC21/slim">

  <leader>02955nab a2200301 i 4500</leader>
  <controlfield tag="003">BR-BrBNA</controlfield>
  <controlfield tag="005">20250320090753.0</controlfield>
  <controlfield tag="008">250320b2015    bl.qr|pooa||| 00| 0 eng |</controlfield>
  <datafield tag="040" ind1=" " ind2=" ">
    <subfield code="a">BR-BrBNA</subfield>
    <subfield code="b">eng</subfield>
  </datafield>
  <datafield tag="072" ind1=" " ind2=" ">
    <subfield code="a">F70</subfield>
  </datafield>
  <datafield tag="072" ind1=" " ind2=" ">
    <subfield code="a">C30</subfield>
  </datafield>
  <datafield tag="100" ind1=" " ind2=" ">
    <subfield code="a">Dutra, Valqu&#xED;ria Ferreira </subfield>
  </datafield>
  <datafield tag="100" ind1=" " ind2=" ">
    <subfield code="a">Alves-Ara&#xFA;jo, Anderson </subfield>
  </datafield>
  <datafield tag="100" ind1=" " ind2=" ">
    <subfield code="a">Carrijo, Tatiana Tavares </subfield>
  </datafield>
  <datafield tag="245" ind1=" " ind2=" ">
    <subfield code="a">Angiosperm Checklist of Esp&#xED;rito Santo: using electronic tools to improve the knowledge of an Atlantic Forest biodiversity hotspot</subfield>
  </datafield>
  <datafield tag="500" ind1=" " ind2=" ">
    <subfield code="a">Publica&#xE7;&#xE3;o on-line; Bibliography p. 1148-1152 (95 ref.); 2 illus.; Summaries (En, Pt) </subfield>
  </datafield>
  <datafield tag="520" ind1=" " ind2=" ">
    <subfield code="a">

Abstract

A checklist of angiosperm species for the state of Esp&#xED;rito Santo, Brazil is presented. A total of 6,204 native
species was recorded, representing an increase of 16% in species richness for the area. Esp&#xED;rito Santo
shelters 32% of the native species of Brazil&#x2019;s Atlantic Forest and holds 516 endemic species (8.3% of the
total registered taxa for the State). Bromeliaceae and Orchidaceae are the families with highest number of
endemic species (142 spp. and 80 spp., respectively), followed by Myrtaceae (33 spp.), Melastomataceae
(30 spp.), and Araceae (23 spp.). This paper represents an important landmark for future research in plant
diversity in Esp&#xED;rito Santo, and highlights the importance of consulting online databases in order to update
the knowledge presented by the Brazilian flora checklist.

Key words: Brazil, endemism, floristics, species richness, virtual herbarium.





Resumo

Uma listagem de angiospermas do estado do Esp&#xED;rito Santo &#xE9; apresentada, incluindo um total de 6.204 esp&#xE9;cies
nativas, representando um aumento de 16% na riqueza de esp&#xE9;cies registrada para o Estado. O Esp&#xED;rito Santo
abriga 32% das esp&#xE9;cies nativas da Floresta Atl&#xE2;ntica e apresenta 516 esp&#xE9;cies end&#xEA;micas (8.3% do total
registrado para o Estado). As fam&#xED;lias Bromeliaceae e Orchidaceae apresentam o maior n&#xFA;mero de esp&#xE9;cies
end&#xEA;micas (142 spp. e 80 spp., respectivamente), seguidas por Myrtaceae (33 spp.), Melastomataceae (30 spp.)
e Araceae (23 spp.). Os resultados representam um importante marco para futuras pesquisas em diversidade
de plantas no Esp&#xED;rito Santo e destacam a import&#xE2;ncia de consultar as plataformas virtuais para atualiza&#xE7;&#xE3;o
da Lista de Esp&#xE9;cies da Flora do Brasil.

Palavras-chave: Brasil, endemismo, flora, herb&#xE1;rios virtuais, riqueza de esp&#xE9;cies.</subfield>
  </datafield>
  <datafield tag="650" ind1=" " ind2=" ">
    <subfield code="a">FLORA</subfield>
  </datafield>
  <datafield tag="650" ind1=" " ind2=" ">
    <subfield code="a">HERB&#xC1;RIO</subfield>
  </datafield>
  <datafield tag="650" ind1=" " ind2=" ">
    <subfield code="a">ESP&#xC9;CIE</subfield>
  </datafield>
  <datafield tag="650" ind1=" " ind2=" ">
    <subfield code="a">TAXONOMIA</subfield>
  </datafield>
  <datafield tag="650" ind1=" " ind2=" ">
    <subfield code="a">BANCO DE DADOS</subfield>
  </datafield>
  <datafield tag="650" ind1=" " ind2=" ">
    <subfield code="a">BRASIL</subfield>
  </datafield>
  <datafield tag="773" ind1="0" ind2=" ">
    <subfield code="0">709</subfield>
    <subfield code="9">349166</subfield>
    <subfield code="d">Rio de Janeiro-RJ Jardim Botanico do Rio de Janeiro 1935</subfield>
    <subfield code="o">2025-1685</subfield>
    <subfield code="t">Rodrigu&#xE9;sia (Brazil)</subfield>
    <subfield code="x">0370-6583; 2175-7860 on-line</subfield>
    <subfield code="g">v. 66(4) p. 1145-1152; (2015)</subfield>
    <subfield code="w">BR2025000265</subfield>
  </datafield>
  <datafield tag="856" ind1=" " ind2=" ">
    <subfield code="u">https://www.scielo.br/j/rod/a/fq8Hqw7ZVSKwKt8Jsvvc9NR/?format=pdf&amp;lang=en</subfield>
  </datafield>
  <datafield tag="942" ind1=" " ind2=" ">
    <subfield code="c">ANA</subfield>
  </datafield>
  <datafield tag="999" ind1=" " ind2=" ">
    <subfield code="c">330546</subfield>
    <subfield code="d">330546</subfield>
  </datafield>
</record>
